Jugadores Históricos de River Plate #2 - Estadísticas

Estadísticas generales
  • Esta prueba ha sido intentada 102 veces
  • La puntuación promedio es 17 de 28
Estadísticas de respuestas
Imagen Hint Respuesta % Correcto
(PJ:319/G:8) Jonatan Maidana
100%
(PJ:202/G:94) Ramon Diaz
96%
(PJ:170/G:37) Gonzalo Martinez
95%
(PJ:38/G:17) David Trezeguet
94%
(PJ:270/G:6) Enzo Perez
94%
(PJ:81/G:36) Hernán Crespo
94%
(PJ:72/G:1) Javier Mascherano
90%
(PJ:109/G:26) Lucas Pratto
90%
(PJ:41/G:15) Gonzalo Higuain
88%
(PJ:137/G:58) Javier Saviola
88%
(PJ:131/G:16) Juan Pablo Sorin
86%
(PJ:77/G:16) Alejandro Dominguez
75%
(PJ:33/G:16) Mario Kempes
75%
(PJ:160/G:5) Matias Almeyda
71%
(PJ:132/G:62) Juan Pablo Angel
65%
(PJ:-) Sergio Goycochea
65%
(PJ:103/G:12) Nelson Cuevas
52%
(PJ:180) Ángel Comizzo
51%
(PJ:176/G:75) Leopoldo Luque
45%
(PJ:29/G:5) Juan Gilberto Funes
33%
(PJ:138/G:3) Roberto Perfumo
29%
(PJ:132/G:11) Alejandro Sabella
25%
(PJ:-/G:-) Celso Ayala
23%
(PJ:213/G:88) Daniel Onega
20%
(PJ:179/G:62) Ramon Medina Bello
16%
(PJ:229/G:100) Ermindo Onega
13%
(PJ:200/G:105) Carlos Morete
11%
(PJ:-/G:-) Alejandro Montenegro
7%
No se encontraron pruebas coincidentes
Distribución de puntuación
Porcentaje de gente con cada puntuación
Porcentaje por número respondido
Historial de tus puntuaciones
No has intentado esta prueba.